| 000 | 00438nam a2200157Ia 4500 | ||
|---|---|---|---|
| 999 |
_c35227 _d35227 |
||
| 003 | OSt | ||
| 005 | 20201207123524.0 | ||
| 008 | 190216s9999||||xx |||||||||||||| ||und|| | ||
| 040 | _coclc | ||
| 082 |
_a351.1 _bGOP/K |
||
| 100 |
_aGopalan, P N _97260 |
||
| 245 | 0 |
_aKerala Service Rules / _cP N Gopalan |
|
| 260 |
_bP N Gopalan, _aAlengadu: _c1968. |
||
| 300 | _a433p | ||
| 942 |
_cREF _2ddc _h351.1 _iGOP/K _k351.1 _mGOP/K |
||